<?xml version="1.0" encoding="UTF-8"?><?xml-stylesheet type="text/xsl" href="static/style.xsl"?><OAI-PMH xmlns="http://www.openarchives.org/OAI/2.0/" xmlns:xsi="http://www.w3.org/2001/XMLSchema-instance" xsi:schemaLocation="http://www.openarchives.org/OAI/2.0/ http://www.openarchives.org/OAI/2.0/OAI-PMH.xsd"><responseDate>2026-04-17T13:17:13Z</responseDate><request verb="GetRecord" identifier="oai:www.recercat.cat:10256/20340" metadataPrefix="marc">https://recercat.cat/oai/request</request><GetRecord><record><header><identifier>oai:recercat.cat:10256/20340</identifier><datestamp>2024-06-18T12:06:43Z</datestamp><setSpec>com_2072_452955</setSpec><setSpec>com_2072_2054</setSpec><setSpec>col_2072_453062</setSpec></header><metadata><record xmlns="http://www.loc.gov/MARC21/slim" xmlns:dcterms="http://purl.org/dc/terms/" xmlns:xsi="http://www.w3.org/2001/XMLSchema-instance" xmlns:doc="http://www.lyncode.com/xoai" xsi:schemaLocation="http://www.loc.gov/MARC21/slim http://www.loc.gov/standards/marcxml/schema/MARC21slim.xsd">
   <leader>00925njm 22002777a 4500</leader>
   <datafield ind2=" " ind1=" " tag="042">
      <subfield code="a">dc</subfield>
   </datafield>
   <datafield ind2=" " ind1=" " tag="720">
      <subfield code="a">Serra Parareda, Ferran</subfield>
      <subfield code="e">author</subfield>
   </datafield>
   <datafield ind2=" " ind1=" " tag="720">
      <subfield code="a">Tarrés Farrés, Joaquim Agustí</subfield>
      <subfield code="e">author</subfield>
   </datafield>
   <datafield ind2=" " ind1=" " tag="720">
      <subfield code="a">Sanchez-Salvador, José Luis</subfield>
      <subfield code="e">author</subfield>
   </datafield>
   <datafield ind2=" " ind1=" " tag="720">
      <subfield code="a">Campano, Cristina</subfield>
      <subfield code="e">author</subfield>
   </datafield>
   <datafield ind2=" " ind1=" " tag="720">
      <subfield code="a">Pèlach Serra, Maria Àngels</subfield>
      <subfield code="e">author</subfield>
   </datafield>
   <datafield ind2=" " ind1=" " tag="720">
      <subfield code="a">Mutjé Pujol, Pere</subfield>
      <subfield code="e">author</subfield>
   </datafield>
   <datafield ind2=" " ind1=" " tag="720">
      <subfield code="a">Negro Álvarez, Carlos</subfield>
      <subfield code="e">author</subfield>
   </datafield>
   <datafield ind2=" " ind1=" " tag="720">
      <subfield code="a">Delgado Aguilar, Marc</subfield>
      <subfield code="e">author</subfield>
   </datafield>
   <datafield ind2=" " ind1=" " tag="260">
      <subfield code="c">2021-11-01</subfield>
   </datafield>
   <datafield ind2=" " ind1=" " tag="520">
      <subfield code="a">Due to the increasing interest on lignocellulosic nanomaterials, alternative raw materials to wood sources have been explored. In this sense, annual plants can represent an important source of lignocellulose which may be used for cellulose nanofibers (CNFs) production. The present work aims at highlighting the virtues of three different non-woody resources (jute, sisal and hemp) as raw material for the production of TEMPO-mediated oxidized CNFs. The fibrillation stage was carried out by means of high-pressure homogenization (HPH), sequencing the process to obtain the initial, intermediate and final characteristics. Interestingly, it was found that while wood-based TEMPO-mediated oxidized CNFs lead highly fibrillated structures and thick gels, the obtained CNFs in this work exhibited a structure similar to cellulose nanocrystals (CNCs), particularly at high oxidation degrees, as rod-like morphologies were observed. Nonetheless, differences were observed between the selected raw materials, which was attributed to the differences on their relative recalcitrance. In addition, the rheological evaluation indicated that hemp CNFs tended to a Newtonian behavior, as flow behavior index tended to 1, leading to suspensions radically different to those obtained from wood sources. Further, the rheological behavior of the obtained nanocellulose suspensions has been found to correlate with the 2D fractal dimension of the nanostructured cellulose. Overall, the present work shows the feasibility of using non-woody plants as raw material for nanostructured cellulose production, with interesting characteristics unconceivable with wood resources</subfield>
   </datafield>
   <datafield ind2=" " ind1=" " tag="520">
      <subfield code="a">The authors want to acknowledge the Spanish Ministry of Economy&#xd;
and Competitiveness for the funding of the project NANOPROSOST,&#xd;
references CTQ2017-85654-C2-1-R and CTQ2017-85654-C2-2-R. Authors want also to thank Spanish Ministry of Science and Innovation for&#xd;
the Juan de la Cierva aid of Cristina Campano (Ref. FJC2019-040298-I),&#xd;
the support of Universidad Complutense de Madrid and Banco de&#xd;
Santander for the grant of J.L. Sanchez-Salvador (CT17/17) and the&#xd;
Spanish National Centre of Electronic Microscopy for the support during&#xd;
image acquisition. Marc Delgado-Aguilar is a Serra Húnter Fellow</subfield>
   </datafield>
   <datafield ind2=" " ind1=" " tag="520">
      <subfield code="a">Open Access funding provided thanks to the CRUE-CSIC agreement with Elsevier</subfield>
   </datafield>
   <datafield ind1="8" ind2=" " tag="024">
      <subfield code="a">http://hdl.handle.net/10256/20340</subfield>
   </datafield>
   <datafield tag="653" ind2=" " ind1=" ">
      <subfield code="a">Materials nanoestructurats</subfield>
   </datafield>
   <datafield tag="653" ind2=" " ind1=" ">
      <subfield code="a">Nanostructured materials</subfield>
   </datafield>
   <datafield tag="653" ind2=" " ind1=" ">
      <subfield code="a">Fibres de cel·lulosa</subfield>
   </datafield>
   <datafield tag="653" ind2=" " ind1=" ">
      <subfield code="a">Cellulose fibers</subfield>
   </datafield>
   <datafield ind2="0" ind1="0" tag="245">
      <subfield code="a">Tuning morphology and structure of non-woody nanocellulose: ranging between nanofibers and nanocrystals</subfield>
   </datafield>
</record></metadata></record></GetRecord></OAI-PMH>